000 00635nam a22002177a 4500
003 UA-OsUOA
001 87085
007 ta
008 20120914b un ||||| |||| 00| 0 ukr d
090 _a82.09
_bТ53
942 _cBK
040 _aUA-OsUOA
_brus
_cUA-OsUOA
_dUA-OsUOA
245 _aА. Н. Толстой о литературе и искусстве
_cСост. Окляндский Ю.
300 _a558 с.
955 _a1
041 _arus
080 _a82.09
260 _aМ.
_bСоветский писатель
_c1984
650 7 _a82 Література. Літературознавство
_2UDC
999 _c373380
_d373380